Pohjois-Pohjanmaan kuntien vaakunat 2025 (keltainen laatikko) - Statistics

Yleistilastot
  • Tätä visaa on pelattu 121 kertaa
    113 viimeisimmän päivityksen jälkeen
  • Keskiarvotulos 23 / 30
Vastaustilastot
Kuvavisa Vastaus % Oikein
Lumijoki
98%
Oulu
95%
Kuusamo
93%
Liminka
88%
Oulainen
88%
Raahe
88%
Siikajoki
88%
Ylivieska
88%
Ii
86%
Nivala
81%
Haapavesi
79%
Hailuoto
79%
Kalajoki
76%
Pyhäjoki
76%
Siikalatva
74%
Vaala
74%
Alavieska
71%
Kempele
71%
Muhos
69%
Tyrnävä
69%
Utajärvi
69%
Merijärvi
67%
Pudasjärvi
67%
Sievi
67%
Taivalkoski
67%
Haapajärvi
64%
Kärsämäki
64%
Pyhäjärvi
62%
Pyhäntä
60%
Reisjärvi
55%
Ehtoja vastaavia visoja ei löytynyt
Tulosjakauma
Jokaisen tuloksen saaneiden osuus
Persentiili vastausten määrän mukaan
Tuloshistoriasi
Et ole pelannut tätä visaa sen viimeisimmän päivityksen jälkeen